Technika fiziko-chimičeskogo issledovanija /

Hlavní autor: Čmutov, Konstantin Vasil'jevič, 1902-1979
Jazyk: Ruština
Vydáno: Moskva : Goschimizdat, 1954
Vydání: 3-je, pererab. i dopoln. izd.
Fyzický popis: 341 s.
Knihy
Uloženo v:
LEADER 00685nam a22002172a 4500
001 001453461
003 CZ BrMZK
005 20150805150620.0
007 ta
008 150203s1954 ru er|||||||||||rus d
040 |a BOA001  |b cze 
100 1 |a Čmutov, Konstantin Vasil'jevič,  |d 1902-1979  |7 xx0178583  |4 aut 
245 1 0 |a Technika fiziko-chimičeskogo issledovanija /  |c K.V. Čmutov 
250 |a 3-je, pererab. i dopoln. izd. 
260 |a Moskva :  |b Goschimizdat,  |c 1954 
300 |a 341 s. 
504 |a Obsahuje bibliografie 
910 |a BOA001  |b 2-0326.966 
990 |a BK 
991 |b 201502 
996 7 |b 2618800389  |c 2-0326.966  |l MZK  |r Sklad / do 24 hodin  |n 0  |w 001488418  |u 000010  |a 1  |e BOA001  |j MZK50  |s A